Personas difíciles (Registro nro. 5010)
[ vista simple ]
| 000 -CABECERA | |
|---|---|
| campo de control de longitud fija | 00691aam a2200253 4500 |
| 005 - FECHA Y HORA DE ACTUALIZACIÓN | |
| campo de control | 20241025165137.0 |
| 008 - LONGITUD FIJA | |
| campo de control de longitud fija | 150427b xxu||||| |||| 00| 0 spa d |
| 041 ## - IDIOMA | |
| Código de idioma del texto/pista de sonido o título separado | |
| 082 ## - CLASIFICACIÓN DECIMAL DEWEY | |
| Número de clasificación | 658.3 J42p |
| 100 ## - AUTOR PERSONAL | |
| Nombre de persona | Jay, Ros |
| 245 ## - TÍTULO PROPIAMENTE DICHO | |
| Título | Personas difíciles |
| 260 ## - PIE DE IMPRENTA | |
| Lugar de publicación, distribución, etc. | España |
| Nombre del editor, distribuidor, etc. | Prentice-Hall |
| Fecha de publicación, distribución, etc. | 2001 |
| 300 ## - DESCRIPCIÓN FÍSICA | |
| Extensión | 88 páginas |
| 650 ## - Materia General | |
| Materia general | ADMINISTRACIÓN DE PERSONAL |
| 650 ## - Materia General | |
| Materia general | RECURSOS HUMANOS |
| 650 ## - Materia General | |
| Materia general | COMPORTAMIENTOS PROBLEMÁTICOS |
| 650 ## - Materia General | |
| Materia general | ADQUIRIR HABILIDADES |
| 650 ## - Materia General | |
| Materia general | RETROALIMENTACIÓN |
| 650 ## - Materia General | |
| Materia general | JEFES DIFÍCILES |
| 650 ## - Materia General | |
| Materia general | PERSONALIDADES CONFLICTIVAS |
| 650 ## - Materia General | |
| Materia general | POLÍTICA INTERNA |
| 650 ## - Materia General | |
| Materia general | RIVALIDAD ENTRE GRUPOS |
| 942 ## - Punto de Acceso Adicional Koha | |
| Tipo de ítem Koha | Libro |
| Estado perdido | Fuente de clasificación o esquema de estantería | Estado dañado | No para préstamo | Biblioteca permanente | Biblioteca actual | Signatura completa | Código de barras | Programa Académico | Tipo de ítem |
|---|---|---|---|---|---|---|---|---|---|
| Dewey Decimal Classification | Departamento de Biblioteca y Documentación Alfonso Chase Brenes | Departamento de Biblioteca y Documentación Alfonso Chase Brenes | 658.3 J42p | 9257 | Libro |